000 00317nam a2200121Ia 4500
008 240731s9999 xx 000 0 und d
022 _a1541-3101
245 0 _aOccupational Therapy in Mental Health
260 _bTaylor & Francis
856 _uhttps://www.tandfonline.com/loi/womh20
942 _2ddc
942 _cTFEJ
999 _c78782
_d78782
945 _a1
_bMadushi Gamage
_c1
_dMadushi Gamage